000 01028nam a2200301Ia 4500
003 GCL
008 140319s9999 xx 000 0 ara d
040 _aGCL /
_cGCL
082 0 4 _aق
_b071.962
_bن م
100 1 _aنجوى حسين خليل
245 1 0 _aالمجتمع المصرى قبل الثورة فى الصحافة المصرية 1952-1945 /
_cنجوى حسين خليل
260 _a[S.N] :
_bالهيئة المصرية العامة للكتاب ،
_c1995
300 _a362 ص
490 _a
650 0 4 _aالعصر الحديث
650 0 4 _aمصر
650 0 4 _aتاريخ
650 0 4 _aالاحوال الاجتماعية
650 0 4 _aالاحزاب السياسية
650 0 4 _aالصحافة المصرية
650 0 4 _aثورة 23 يوليو 1952
650 0 4 _aالمجتمع المصرى
650 0 4 _aالملك فاروق
650 0 4 _aحرية الصحافة
650 0 4 _aالمشكلات الاجتماعية
650 0 4 _aالصحافة المتخصصة
942 _2ddc
_cBK
999 _c37024
_d37024